Ends in "-tor" - Statistics

General Stats
  • This quiz has been taken 41 times
  • The average score is 23 of 38
Answer Stats
Hint Answer % Correct
A crocodile's cousin Alligator
100%
Step into this box to move between floors. "Going up!" Elevator
94%
Imaginary line that divides the globe into North and South Equator
94%
A handy machine to have on your farm, especially for pulling a plow Tractor
92%
Claustrophobic? Forget the above and take these moving stairs instead Escalator
86%
Looking to buy a new home? This agent can show you what's for sale Realtor
86%
One who watches a spectacle or event Spectator
83%
The star of an ancient Roman spectacle who fought to the death for your viewing pleasure Gladiator
78%
One of the thespians who provide the action required above Actor
75%
Occupation of Charles Lindbergh and other flyers Aviator
75%
One who owes money Debtor
75%
Next, the producer hires this specialist to guide the "action" on the set. "Cut!" Director
75%
This household appliance replaced the ice box Refrigerator
75%
Before fuel injectors, this device mixed the gasoline and air going into your car's engine. Brits spell it with two t's Carburetor
72%
This device will keep your eggs warm until they hatch Incubator
69%
In olden days, that film would be shown using one of these machines Projector
67%
This shocking device can restart your heart, no lie. "Clear!" Defibrillator
64%
In fractions, this is the number below the line Denominator
64%
This "steamy" fixture will keep your house warm (or your car's engine cool) Radiator
61%
This artist brings cartoon characters "to life" Animator
58%
The house looks great from the curb. This expert can spruce up the interior for you Decorator
58%
Once the film has been shot it goes to this expert who slices and splices the scenes together Editor
58%
Astronauts and pilots spend many hours practicing in one of these before flying the real thing Simulator
58%
A teacher or a professor Educator
56%
A handy device to have when your power goes out Generator
53%
Before GPS, this professional kept your boat or plane on course Navigator
53%
In fractions, this is the number above the line Numerator
53%
Legendary makeup artist Max, whose cosmetics company still bears his name Factor
50%
One who lends money (that may be owed...) Creditor
47%
Is your new house a "fixer-upper"? Contact this professional to make those renovations Contractor
44%
He-Man's archenemy! Skeletor
42%
The part of a washing machine that does the washing, or perhaps a political troublemaker Agitator
36%
The troublemaker who starts the trouble to begin with Instigator
36%
One who abandons one country or cause to join an opposing one. The West used to get a lot from the Soviet Union Defector
33%
Film producers need to line up at least one of these "angels" to put up some cash for a new project Investor
33%
Washington D.C. big shot politician Senator
33%
One who gives money to those who need some Benefactor
17%
The finished film then goes to this expert who books it at your local theater Distributor
8%
No matching quizzes found
Score Distribution
Percent of People with Each Score
Percentile by Number Answered
Your Score History
You have not taken this quiz